Los procesos de integración regional y las políticas sociales /
Αποθηκεύτηκε σε:
| Κύριος συγγραφέας: | |
|---|---|
| Μορφή: | Κείμενο |
| Σειρά: | SERIE POLITICAS SOCIALES/CEPAL
|
| Θέματα: | |
| Ετικέτες: |
Προσθήκη ετικέτας
Δεν υπάρχουν, Καταχωρήστε ετικέτα πρώτοι!
|
MARC
| LEADER | 00000 a a2200000 04500 | ||
|---|---|---|---|
| 001 | 48319 | ||
| 003 | |||
| 040 | |||
| 090 | |a REV1291 1(14) 1997 | ||
| 100 | |a Rosenthal, Gert | ||
| 245 | |a Los procesos de integración regional y las políticas sociales / |c Gert Rosenthal | ||
| 440 | |a SERIE POLITICAS SOCIALES/CEPAL | ||
| 650 | |a INTEGRACION REGIONAL | ||
| 650 | |a POLITICA SOCIAL | ||
| 650 | |a INTEGRACION ECONOMICA | ||
| 650 | |a ESTADO | ||
| 650 | |a LIBRE COMERCIO | ||
| 650 | |a COMERCIO INTERNACIONAL | ||
| 650 | |a POLITICA LABORAL | ||
| 773 | |a volumen1, número14, (1997) | ||
| 999 | |c 23772 |d 23772 | ||
